NBA Year in Review: 2001–02 - Statistics

General Stats
  • This quiz has been taken 65 times
  • The average score is 10 of 14
Answer Stats
Hint Answer % Correct
Finals MVP Shaquille O'Neal
97%
Most Valuable Player Tim Duncan
93%
All-Star Game MVP Kobe Bryant
90%
Points Per Game Leader Allen Iverson
89%
Steals Per Game Leader Allen Iverson
89%
Defensive Player of the Year Ben Wallace
89%
Rebounds Per Game Leader Ben Wallace
89%
Blocks Per Game Leader Ben Wallace
89%
Triple-Doubles Leader Jason Kidd
79%
Most Improved Player Jermaine O'Neal
66%
Assists Per Game Leader Andre Miller
34%
Rookie of the Year Pau Gasol
33%
Coach of the Year Rick Carlisle
18%
Sixth Man of the Year Corliss Williamson
13%
No matching quizzes found
Score Distribution
Percent of People with Each Score
Percentile by Number Answered
Your Score History
You have not taken this quiz